Besten Torhüter 2024 - Statistiken

Allgemein
  • Dieses Quiz wurde 94 mal gespielt
  • Das Durchschnittsergebnis liegt bei 6 aus 10
Antwortstatistiken
# Verein Spieler % Korrekt
1 Aston Villa Emiliano Martínez
93%
4 Paris Saint-Germain Gianluigi Donnarumma
93%
10 Borussia Dortmund Gregor Kobel
89%
6 Inter Mailand Yann Sommer
81%
5 AC Mailand Mike Maignan
77%
2 Athletic Bilbao Unai Simón
65%
3 Real Madrid Andrij Lunin
50%
8 FC Porto Diogo Costa
41%
7 FC Valencia Giorgi Mamardaschwili
14%
9 Mamelodi Sundowns Ronwen Williams
5%
Keine übereinstimmenden Quizze gefunden
Verteilung der Resultate
Anzahl Personen mit jedem Resultat
Perzentil nach korrekt beantworteten Fragen
Ihre Resultats-Entwicklung
Sie haben dieses Quiz noch nicht gespielt